Statistics for NBA Coaches with Most Wins by Team

Click here to take the quiz!

General Stats

  • This quiz has been taken 106 times
    (77 since last reset)
  • The average score is 23 of 61

Answer Stats

HintYearsWinsAnswer% Correct
Chicago Bulls1990-1998545Phil Jackson
91%
Los Angeles Lakers2000-2011610Phil Jackson
91%
San Antonio Spurs1997-present1344Gregg Popovich
84%
Los Angeles Clippers2014-2020356Doc Rivers
78%
Miami Heat2009-present607Erik Spoelstra
78%
Los Angeles Lakers1982-1990533Pat Riley
77%
Miami Heat1996-2008454Pat Riley
77%
Golden State Warriors2015-present429Steve Kerr
75%
Oklahoma City Thunder1992-1998384George Karl
67%
Denver Nuggets2005-2013423George Karl
67%
Cleveland Cavaliers2006-2014305Mike Brown
67%
Boston Celtics1951-1966795Red Auerbach
63%
Dallas Mavericks2009-2021555Rick Carlisle
59%
Utah Jazz1989-20111127Jerry Sloan
58%
Detroit Pistons1987-1992467Chuck Daly
56%
Cleveland Cavaliers1987-1993316Lenny Wilkens
52%
Oklahoma City Thunder1970-1985478Lenny Wilkens
52%
Houston Rockets1992-2003503Rudy Tomjanovich
52%
Toronto Raptors2019-present186Nick Nurse
50%
Orlando Magic2008-2012259Stan Van Gundy
48%
Dallas Mavericks1998-2005339Don Nelson
45%
Milwaukee Bucks1977-1987540Don Nelson
45%
Houston Rockets2017-2020217Mike D'Antoni
45%
Minnesota Timberwolves1996-2015427Flip Saunders
42%
Boston Celtics1970-1978427Tom Heinsohn
36%
Sacramento Kings1999-2006395Rick Adelman
34%
Minnesota Timberwolves2012-201497Rick Adelman
34%
Philadelphia 76ers1978-1985454Billy Cunningham
33%
New Orleans Pelicans2005-2010203Byron Scott
30%
Portland Trailblazers1977-1986453Jack Ramsay
30%
Detroit Pistons2006-2008176Ray Scott
30%
Utah Jazz2015-2022372Quin Snyder
28%
New York Knicks1968-1982613Red Holzman
28%
Phoenix Suns1971-1997341Cotton Fitzsimmons
27%
Atlanta Hawks1981-1990324Mike Fratello
27%
Chicago Bulls1969-1976356Dick Motta
25%
Denver Nuggets1981-1990432Doug Moe
25%
San Antonio Spurs1977-1980177Doug Moe
25%
Toronto Raptors2012-2018320Dwane Casey
25%
Indiana Pacers2011-2016250Frank Vogel
23%
Washington Wizards1988-1994202Wes Unseld
23%
Orlando Magic1994-2007267Brian Hill
22%
Charlotte Hornets2014-2018196Steve Clifford
20%
Minnesota Timberwolves2017-201997Tom Thibodeau
20%
Golden State Warriors1970-1983557Al Attles
19%
Portland Trailblazers2013-present402Terry Stotts
19%
New Orleans Pelicans2016-2020175Alvin Gentry
17%
Milwaukee Bucks1969-1977410Larry Costello
17%
Washington Wizards1967-1986522Gene Shue
16%
Los Angeles Clippers2004-2010215Mike Dunleavy
16%
Phoenix Suns1974-1987579John MacLeod
13%
Brooklyn Nets2004-2010225Lawrence Frank
13%
Indiana Pacers1969-1980529Slick Leonard
13%
Memphis Grizzlies2000-2013214Lionel Hollins
11%
Brooklyn Nets1974-1981297Kevin Loughery
8%
Atlanta Hawks1965-1972327Richie Guerin
8%
Charlotte Hornets1992-1996207Allan Bristow
6%
Memphis Grizzlies2014-2016147Dave Joerger
5%
Sacramento Kings1949-1955295Les Harrison
5%
New York Knicks1948-1956326Joe Lapchick
3%
Philadelphia 76ers1950-1957294Al Cervi
2%

Score Distribution

Percentile by Number Answered

Percent of People with Each Score

Your Score History

You have not taken this quiz since the last reset